000
00402nam a22001097a 4500
082
_a
100
100
_a
सद्गुरू
_9
82038
245
_a
कर्म
_b
एक योगी के मार्गदर्शन में रचें अपना भाग्य
260
_a
गुरूग्राम
_b
पेंगुइन बुक्स
650
_a
दर्शन
942
_c
BK
999
_c
66356
_d
66356